[Event "Feffernitz Raika op 23rd"]
[Site "Feffernitz"]
[Date "2014.08.16"]
[Round "1"]
[White "Kesik, Marco"]
[Black "Reinhardt, Bernd"]
[Result "0-1"]
[WhiteElo "1839"]
[BlackElo "2261"]
[PlyCount "48"]
[EventDate "2014.08.16"]
[EventType "swiss"]
[EventRounds "9"]
[EventCountry "AUT"]
[SourceTitle "CBM 161 Extra"]
[Source "ChessBase"]
[SourceDate "2014.08.29"]
[SourceVersion "1"]
[SourceVersionDate "2014.08.29"]
[SourceQuality "1"]

1. d4 d6 2. c4 Nf6 3. Nc3 e5 4. dxe5 dxe5 5. Qxd8+ Kxd8 6. Nf3 Nfd7 7. Ng5 Ke8 8. e4 c6 9. a3 Nc5 10. b4 Nb3 11. Rb1 Nxc1 12. Rxc1 a5 13. c5 axb4 14. axb4 f6 15. Nf3 Be6 16. Bd3 Be7 17. 0-0 Ra3 18. Nd2 b5 19. Bxb5 cxb5 20. Nxb5 Rd3 21. Rfd1 Kf7 22. Kf1 Nc6 23. Nd6+ Bxd6 24. cxd6 Rxd6 0-1

[Event "Seefeld op 18th"]
[Site "Seefeld"]
[Date "2007.09.09"]
[Round "9"]
[White "Kesik, Marco"]
[Black "Dalnodar, Bernhard"]
[Result "1/2-1/2"]
[WhiteElo "1954"]
[BlackElo "1709"]
[PlyCount "57"]
[EventDate "2007.09.01"]
[EventType "swiss"]
[EventRounds "9"]
[EventCountry "AUT"]
[SourceTitle "EXT 2009"]
[Source "ChessBase"]
[SourceDate "2008.11.26"]
[SourceVersion "1"]
[SourceVersionDate "2008.11.26"]
[SourceQuality "1"]

1. d4 d5 2. c4 c6 3. cxd5 cxd5 4. Nf3 Nf6 5. Nc3 Nc6 6. e3 e6 7. Bd3 Bb4 8. Bd2 Bd7 9. 0-0 0-0 10. a3 Bd6 11. Rc1 a6 12. b4 b5 13. Qe2 Rc8 14. Be1 h6 15. Nd2 e5 16. dxe5 Bxe5 17. Nb3 Re8 18. Nc5 d4 19. N3e4 Nxe4 20. Bxe4 Bd6 21. Nxd7 Qxd7 22. Rxc6 Rxc6 23. Bxc6 Qxc6 24. Bd2 dxe3 25. Bxe3 Bf4 26. Qd2 Bxe3 27. fxe3 Qe6 28. Re1 Qb3 29. Qc1 1/2-1/2

[Event "Seefeld op 18th"]
[Site "Seefeld"]
[Date "2007.09.04"]
[Round "4"]
[White "Kammers, Heribert"]
[Black "Kesik, Marco"]
[Result "1-0"]
[WhiteElo "2104"]
[BlackElo "1954"]
[PlyCount "43"]
[EventDate "2007.09.01"]
[EventType "swiss"]
[EventRounds "9"]
[EventCountry "AUT"]
[SourceTitle "EXT 2009"]
[Source "ChessBase"]
[SourceDate "2008.11.26"]
[SourceVersion "1"]
[SourceVersionDate "2008.11.26"]
[SourceQuality "1"]

1. d4 Nf6 2. c4 g6 3. Nc3 Bg7 4. e4 d6 5. f4 0-0 6. Nf3 c5 7. d5 Nbd7 8. Be2 a6 9. a4 Rb8 10. 0-0 Qc7 11. Kh1 h6 12. Qc2 Nh7 13. Be3 e6 14. dxe6 fxe6 15. e5 dxe5 16. Qxg6 Rf6 17. Qe8+ Nhf8 18. Nxe5 Nxe5 19. fxe5 Qxe5 20. Rxf6 Qxf6 21. Rf1 Qg6 22. Rxf8+ 1-0

[Event "Seefeld op 17th"]
[Site "Seefeld"]
[Date "2006.09.25"]
[Round "3"]
[White "Kesik, Marco"]
[Black "Becking, Franz Josef"]
[Result "1-0"]
[WhiteElo "1916"]
[BlackElo "2076"]
[PlyCount "71"]
[EventDate "2006.09.23"]
[EventType "swiss"]
[EventRounds "9"]
[EventCountry "AUT"]
[SourceTitle "EXT 2009"]
[Source "ChessBase"]
[SourceDate "2008.11.26"]
[SourceVersion "1"]
[SourceVersionDate "2008.11.26"]
[SourceQuality "1"]

1. d4 Nf6 2. c4 c5 3. d5 d6 4. Nc3 g6 5. e4 Bg7 6. f4 0-0 7. Nf3 Na6 8. Be2 Bd7 9. 0-0 Rb8 10. Bd2 Nc7 11. a4 b6 12. e5 Ng4 13. h3 Nh6 14. g4 a6 15. Qc1 Qc8 16. Nh2 dxe5 17. fxe5 Nxg4 18. Nxg4 Kh8 19. Bh6 b5 20. Bxg7+ Kxg7 21. Qh6+ Kh8 22. Ne4 f6 23. Ngxf6 exf6 24. exf6 Rf7 25. Ng5 Qf8 26. Nxf7+ Qxf7 27. Bg4 Bxg4 28. hxg4 bxc4 29. d6 Nd5 30. Rad1 Nxf6 31. d7 Rd8 32. Qg5 Kg7 33. Rd6 Qe7 34. Qxf6+ Qxf6 35. Rfxf6 a5 36. Rfe6 1-0

[Event "Seefeld op 16th"]
[Site "Seefeld"]
[Date "2005.09.21"]
[Round "5"]
[White "Kesik, Marco"]
[Black "Aigner, Georg"]
[Result "0-1"]
[WhiteElo "1609"]
[BlackElo "2033"]
[PlyCount "56"]
[EventDate "2005.09.17"]
[EventType "swiss"]
[EventRounds "9"]
[EventCountry "AUT"]
[SourceTitle "EXT 2007"]
[Source "ChessBase"]
[SourceDate "2006.11.23"]
[SourceVersion "1"]
[SourceVersionDate "2006.11.23"]
[SourceQuality "1"]

1. d4 d5 2. c4 c6 3. cxd5 cxd5 4. Nc3 Nf6 5. Nf3 Nc6 6. e3 Bg4 7. Be2 e6 8. 0-0 Bd6 9. a3 0-0 10. b4 Re8 11. h3 Bh5 12. Bb2 Rc8 13. Rc1 Bb8 14. Re1 Qd6 15. Nb5 Qe7 16. Ne5 Bxe2 17. Nxc6 bxc6 18. Qxe2 cxb5 19. Qxb5 Qd7 20. Qd3 Rxc1 21. Rxc1 Rc8 22. b5 Rxc1+ 23. Bxc1 Qc7 24. Bd2 Ne4 25. f4 Qc4 26. Qxc4 dxc4 27. Bb4 c3 28. a4 Bd6 0-1